[Event "Wloclawek-ch"]
[Site "Wloclawek"]
[Date "2019.??.??"]
[Round "2"]
[White "Sztuka, Cezary"]
[Black "Cichocki, Konrad"]
[Result "0-1"]
[WhiteElo "1491"]
[BlackElo "1811"]
[PlyCount "72"]
[EventDate "2019.09.??"]
[EventType "swiss"]
[EventRounds "9"]
[EventCountry "POL"]
[SourceTitle "EXT 2021"]
[Source "ChessBase"]
[SourceDate "2020.10.23"]
[SourceVersion "1"]
[SourceVersionDate "2020.10.23"]
[SourceQuality "1"]

1. e4 e5 2. Nf3 Nc6 3. Bc4 Bc5 4. 0-0 Nf6 5. d3 d6 6. c3 0-0 7. Re1 a6 8. b4 Ba7 9. a4 Ne7 10. h3 Ng6 11. Be3 Bxe3 12. fxe3 c6 13. Nbd2 d5 14. exd5 Nxd5 15. Qc2 Be6 16. Nf1 a5 17. e4 Ndf4 18. Bxe6 Nxe6 19. Rab1 Nef4 20. Re3 Qe7 21. Ng3 Rfd8 22. Nf5 Qc7 23. d4 Rd7 24. b5 cxb5 25. Rxb5 exd4 26. N5xd4 Rad8 27. Rb1 Rxd4 28. Nxd4 Rxd4 29. Rd1 Rxd1+ 30. Qxd1 Ne5 31. Qd4 Ne6 32. Qd5 Qc5 33. Kf2 Nc4 34. Qxc5 Nxc5 35. Re1 Nxa4 36. Rb1 Nc5 0-1

[Event "Wloclawek CC Classic 23rd"]
[Site "Wloclawek"]
[Date "2019.??.??"]
[Round "4"]
[White "Sztuka, Cezary"]
[Black "Lapinski, Jerzy"]
[Result "0-1"]
[WhiteElo "1497"]
[BlackElo "1258"]
[PlyCount "44"]
[EventDate "2019.06.??"]
[EventType "swiss"]
[EventRounds "7"]
[EventCountry "POL"]
[SourceTitle "EXT 2021"]
[Source "ChessBase"]
[SourceDate "2020.10.23"]
[SourceVersion "1"]
[SourceVersionDate "2020.10.23"]
[SourceQuality "1"]

1. e4 c6 2. d4 d5 3. Nc3 dxe4 4. Nxe4 Bf5 5. Ng3 Bg6 6. Bd3 Bxd3 7. Qxd3 Nf6 8. Nf3 e6 9. 0-0 Be7 10. Re1 0-0 11. Ne4 c5 12. Nxc5 Bxc5 13. dxc5 Nc6 14. h3 Qc7 15. c3 Rfd8 16. Qc2 Rd7 17. a3 a5 18. Bd2 b5 19. cxb6 Qxb6 20. Be3 Qc7 21. Nd4 Nxd4 22. Bxd4 Rxd4 0-1

[Event "POL-chT4 Kujawsko-Pomorskie 1617"]
[Site "Poland"]
[Date "2017.01.08"]
[Round "5.9"]
[White "Wrzos, Waldemar"]
[Black "Sztuka, Cezary"]
[Result "1-0"]
[WhiteElo "1670"]
[BlackElo "1595"]
[PlyCount "73"]
[EventDate "2016.11.06"]
[EventType "team-tourn"]
[EventRounds "11"]
[EventCountry "POL"]
[SourceTitle "EXT 2019"]
[Source "ChessBase"]
[SourceDate "2018.10.10"]
[SourceVersion "1"]
[SourceVersionDate "2018.10.10"]
[SourceQuality "1"]

1. e4 e6 2. Nc3 d5 3. exd5 exd5 4. d4 Nf6 5. Bd3 Nc6 6. Nge2 Bg4 7. Be3 Nb4 8. a3 Nxd3+ 9. Qxd3 c6 10. 0-0 Bd6 11. Bf4 0-0 12. Bg5 Qc7 13. Bxf6 gxf6 14. Ng3 Kh8 15. Nce2 Rg8 16. f3 Bd7 17. Rf2 Rg6 18. Nf1 Rag8 19. Neg3 Rh6 20. Rd1 Rg5 21. Re2 f5 22. c4 f4 23. Nh1 Qd8 24. Rde1 Rgh5 25. c5 Bf8 26. g4 Qg5 27. Nf2 Rh4 28. h3 Re6 29. b4 Rxe2 30. Rxe2 Be6 31. Nd2 Rh6 32. Nf1 Be7 33. Qd2 Bd8 34. Re5 Qe7 35. Qxf4 Bc7 36. Qxh6 Bxe5 37. dxe5 1-0

[Event "POL-chT4 Kujawsko-Pomorskie 1617"]
[Site "Poland"]
[Date "2016.12.11"]
[Round "4.24"]
[White "Sztuka, Cezary"]
[Black "Retz, Adrian"]
[Result "0-1"]
[WhiteElo "1595"]
[BlackElo "1316"]
[PlyCount "96"]
[EventDate "2016.11.06"]
[EventType "team-tourn"]
[EventRounds "11"]
[EventCountry "POL"]
[SourceTitle "EXT 2019"]
[Source "ChessBase"]
[SourceDate "2018.10.10"]
[SourceVersion "1"]
[SourceVersionDate "2018.10.10"]
[SourceQuality "1"]

1. e4 c5 2. Nc3 e6 3. Nf3 d6 4. Bc4 a6 5. a4 Nf6 6. 0-0 Be7 7. e5 dxe5 8. Nxe5 Qc7 9. Re1 Bd6 10. f4 Nc6 11. Qe2 Nd4 12. Qd3 Nh5 13. g3 b6 14. Nf3 Bb7 15. Bd5 c4 16. Qxc4 Qxc4 17. Bxc4 Nxf3+ 18. Kf1 Nxe1 19. Kxe1 0-0 20. Be2 Nf6 21. d3 e5 22. Kf2 Bc5+ 23. Be3 exf4 24. gxf4 Bxe3+ 25. Kxe3 Nd5+ 26. Nxd5 Bxd5 27. c4 Rfe8+ 28. Kd2 Bc6 29. Rc1 Bxa4 30. Bf3 Rad8 31. Ra1 Bb3 32. Kc3 a5 33. Be4 a4 34. Rg1 Rc8 35. Re1 b5 36. c5 Rxc5+ 37. Kb4 Rcc8 38. Kxb5 Rb8+ 39. Kc5 Kf8 40. Rg1 h6 41. h4 Bc2 42. Bc6 Rec8 43. d4 Rxb2 44. Rc1 a3 45. Ra1 a2 46. Kd6 Rxc6+ 47. Kxc6 Bb3 48. Re1 Rb1 0-1

[Event "POL-chT4 Kujawsko-Pomorskie 1617"]
[Site "Poland"]
[Date "2016.11.27"]
[Round "3.9"]
[White "Szymczak, Przemyslaw"]
[Black "Sztuka, Cezary"]
[Result "0-1"]
[WhiteElo "1610"]
[BlackElo "1595"]
[PlyCount "88"]
[EventDate "2016.11.06"]
[EventType "team-tourn"]
[EventRounds "11"]
[EventCountry "POL"]
[SourceTitle "EXT 2019"]
[Source "ChessBase"]
[SourceDate "2018.10.10"]
[SourceVersion "1"]
[SourceVersionDate "2018.10.10"]
[SourceQuality "1"]

1. d4 e6 2. c4 f5 3. Nc3 Nf6 4. Nf3 c6 5. a3 d5 6. c5 Ne4 7. Bf4 Nd7 8. Nxe4 dxe4 9. Ne5 Be7 10. e3 0-0 11. Nc4 Nf6 12. b4 Nd5 13. Be5 b5 14. cxb6 axb6 15. Be2 Nc3 16. Qb3 Nxe2 17. Kxe2 Ba6 18. a4 Qd5 19. Rhc1 b5 20. axb5 Bxb5 21. Rxa8 Rxa8 22. Ke1 Ra4 23. Nd2 Bxb4 24. Qxd5 exd5 25. Rb1 Bd3 26. Rxb4 Rxb4 27. Bd6 Rb5 28. Kd1 Kf7 29. f4 Ke6 30. Bf8 Kf7 31. Bd6 Kg6 32. h3 Kh5 33. Be7 Rb7 34. Bd8 h6 35. Ke1 g5 36. fxg5 hxg5 37. g3 Rd7 38. Bf6 Kg6 39. Be5 Rh7 40. Nb3 Rxh3 41. Nc5 Rh1+ 42. Kd2 Rh2+ 43. Ke1 Re2+ 44. Kf1 Rxe3+ 0-1

[Event "Wloclawek CC Classic 16th"]
[Site "Wloclawek "]
[Date "2016.??.??"]
[Round "7"]
[White "Lapinski, Jerzy"]
[Black "Sztuka, Cezary"]
[Result "1-0"]
[WhiteElo "1477"]
[BlackElo "1719"]
[PlyCount "85"]
[EventDate "2016.04.??"]
[EventType "swiss"]
[EventRounds "7"]
[EventCountry "POL"]
[SourceTitle "EXT 2021"]
[Source "ChessBase"]
[SourceDate "2020.10.23"]
[SourceVersion "1"]
[SourceVersionDate "2020.10.23"]
[SourceQuality "1"]

1. d4 d5 2. c4 dxc4 3. Nc3 e6 4. e4 Bb4 5. Bxc4 Nf6 6. Bg5 Nc6 7. Nf3 h6 8. Bxf6 Qxf6 9. e5 Qe7 10. 0-0 Na5 11. Bd3 0-0 12. a3 Bxc3 13. bxc3 b6 14. Qc2 Bb7 15. Nd2 Rad8 16. Be4 c5 17. Bxb7 Nxb7 18. Nf3 Rc8 19. Qa4 Na5 20. Rab1 Rfd8 21. Rfc1 Qc7 22. h3 Rd5 23. Nd2 Qc6 24. Qd1 f6 25. exf6 gxf6 26. Ne4 Rf5 27. Qe2 Kf7 28. dxc5 Re5 29. f3 Rg8 30. Rd1 Nb7 31. Qf2 f5 32. Nd6+ Kf6 33. Nxb7 Qxb7 34. cxb6 axb6 35. Rxb6 Qc7 36. Rbd6 Qc5 37. R6d4 Kg7 38. Rd7+ Kf6 39. R1d4 Qxa3 40. Qh4+ Rg5 41. Qxh6+ Rg6 42. Qh8+ Kg5 43. f4# 1-0

[Event "Wloclawek CC Classic 16th"]
[Site "Wloclawek "]
[Date "2016.??.??"]
[Round "5"]
[White "Sztuka, Cezary"]
[Black "Lebiedzinski, Maciej"]
[Result "0-1"]
[WhiteElo "1719"]
[BlackElo "1543"]
[PlyCount "86"]
[EventDate "2016.04.??"]
[EventType "swiss"]
[EventRounds "7"]
[EventCountry "POL"]
[SourceTitle "EXT 2021"]
[Source "ChessBase"]
[SourceDate "2020.10.23"]
[SourceVersion "1"]
[SourceVersionDate "2020.10.23"]
[SourceQuality "1"]

1. e4 c5 2. d4 cxd4 3. c3 e5 4. cxd4 exd4 5. Qxd4 Nc6 6. Qd1 Be7 7. Nf3 Nf6 8. e5 Ng4 9. Bf4 Qa5+ 10. Qd2 Bb4 11. Nc3 Ngxe5 12. Nxe5 Nxe5 13. Qe3 d6 14. Bb5+ Qxb5 15. a4 Bxc3+ 16. bxc3 Qb6 17. Rd1 Qxe3+ 18. fxe3 Ke7 19. 0-0 Be6 20. Rd4 f6 21. h3 Rac8 22. Rb1 b6 23. a5 Rc6 24. Ra4 Rb8 25. axb6 axb6 26. Ra7+ Nd7 27. g4 g5 28. Bg3 Rxc3 29. Bf2 Rc6 30. e4 b5 31. Ra5 Bc4 32. Ba7 Rb7 33. Bd4 Ke6 34. Ra8 Ne5 35. Bxe5 dxe5 36. Rba1 Rd7 37. Re8+ Kf7 38. Raa8 Bb3 39. Rf8+ Kg7 40. Rfd8 Rxd8 41. Rxd8 Rb6 42. Kf2 Bf7 43. Ke1 b4 0-1

[Event "Wloclawek-ch"]
[Site "Wloclawek"]
[Date "2015.??.??"]
[Round "5"]
[White "Lebiedzinski, Maciej"]
[Black "Sztuka, Cezary"]
[Result "1/2-1/2"]
[WhiteElo "1575"]
[BlackElo "1719"]
[PlyCount "96"]
[EventDate "2015.09.??"]
[EventType "swiss"]
[EventRounds "9"]
[EventCountry "POL"]
[SourceTitle "EXT 2021"]
[Source "ChessBase"]
[SourceDate "2020.10.23"]
[SourceVersion "1"]
[SourceVersionDate "2020.10.23"]
[SourceQuality "1"]

1. e4 e6 2. d4 d5 3. e5 c5 4. c3 Nc6 5. Nf3 Qb6 6. Be2 Bd7 7. 0-0 Nh6 8. dxc5 Bxc5 9. b4 Bf8 10. b5 Ne7 11. a4 a5 12. Be3 Qd8 13. Qd3 Nef5 14. Bd4 Nxd4 15. cxd4 b6 16. Rc1 Be7 17. Nbd2 0-0 18. Rc2 Rc8 19. Rac1 Bb4 20. h3 Qe7 21. Nb1 Kh8 22. g4 Ng8 23. g5 g6 24. h4 Qd8 25. Nh2 Rxc2 26. Rxc2 Bc8 27. Ng4 Qe7 28. Nf6 Nxf6 29. gxf6 Qd7 30. Qe3 Rg8 31. Qc1 Rd8 32. Bd3 Qe8 33. Rc7 Bd7 34. Kg2 Rc8 35. Kf3 Qd8 36. Rxc8 Qxc8 37. Qxc8+ Bxc8 38. Ke3 Bf8 39. Nd2 Bh6+ 40. f4 Bf8 41. Be2 Kg8 42. h5 Bh6 43. hxg6 hxg6 44. Nf3 Bf8 45. Bd3 Ba3 46. Kd2 Bb4+ 47. Kc2 Bf8 48. Ng5 Bb4 1/2-1/2

[Event "Wloclawek-ch"]
[Site "Wloclawek"]
[Date "2015.??.??"]
[Round "6"]
[White "Sztuka, Cezary"]
[Black "Lapinski, Jerzy"]
[Result "0-1"]
[WhiteElo "1719"]
[BlackElo "1547"]
[PlyCount "57"]
[EventDate "2015.09.??"]
[EventType "swiss"]
[EventRounds "9"]
[EventCountry "POL"]
[SourceTitle "EXT 2021"]
[Source "ChessBase"]
[SourceDate "2020.10.23"]
[SourceVersion "1"]
[SourceVersionDate "2020.10.23"]
[SourceQuality "1"]

1. e4 c5 2. Nc3 Nc6 3. f4 e5 4. f5 Nf6 5. Bc4 a6 6. a4 Nb4 7. Nf3 Qc7 8. 0-0 b6 9. Ng5 d5 10. exd5 Bd6 11. Nge4 Bb7 12. Nxf6+ gxf6 13. Ne4 Qe7 14. d3 Nxd5 15. Bxd5 Bxd5 16. c4 Bb7 17. b3 0-0-0 18. a5 Bc7 19. Qe2 Rhg8 20. axb6 Bxb6 21. Be3 Qc7 22. g3 h5 23. Rf2 Qc6 24. b4 cxb4 25. c5 Bc7 26. Rb1 a5 27. Qxh5 Rxd3 28. Qxf7 Rgd8 29. Qe6+ 0-1

[Event "Wloclawek CC Classic 09th"]
[Site "Wloclawek"]
[Date "2014.??.??"]
[Round "6"]
[White "Kaczynski, Maciej"]
[Black "Sztuka, Cezary"]
[Result "1-0"]
[WhiteElo "1662"]
[BlackElo "1400"]
[PlyCount "67"]
[EventDate "2014.03.??"]
[EventType "swiss"]
[EventRounds "7"]
[EventCountry "POL"]
[SourceTitle "EXT 2021"]
[Source "ChessBase"]
[SourceDate "2020.10.23"]
[SourceVersion "1"]
[SourceVersionDate "2020.10.23"]
[SourceQuality "1"]

1. e4 e5 2. Nf3 Nc6 3. Bc4 Nf6 4. Nc3 Be7 5. d4 d6 6. d5 Na5 7. Qd3 a6 8. Bd2 Nxc4 9. Qxc4 b5 10. Qd3 0-0 11. 0-0 Ne8 12. a4 b4 13. Ne2 a5 14. c4 f5 15. h3 fxe4 16. Qxe4 Bf5 17. Qe3 Qd7 18. Nh2 Rf6 19. g4 Rg6 20. Ng3 Bg5 21. Qe2 Bxd2 22. Qxd2 Nf6 23. f3 e4 24. Kh1 Re8 25. Nxf5 exf3 26. Rxf3 h5 27. Re1 Rxe1+ 28. Qxe1 Kh7 29. gxh5 Nxh5 30. Qh4 Kg8 31. Qxh5 Qe8 32. Ne7+ Qxe7 33. Qxg6 Qe1+ 34. Nf1 1-0

[Event "Wloclawek-ch"]
[Site "Wloclawek"]
[Date "2014.??.??"]
[Round "7"]
[White "Sztuka, Cezary"]
[Black "Bedzinski, Marian"]
[Result "0-1"]
[WhiteElo "1600"]
[BlackElo "1800"]
[PlyCount "61"]
[EventDate "2014.09.??"]
[EventType "swiss"]
[EventRounds "9"]
[EventCountry "POL"]
[SourceTitle "EXT 2021"]
[Source "ChessBase"]
[SourceDate "2020.10.23"]
[SourceVersion "1"]
[SourceVersionDate "2020.10.23"]
[SourceQuality "1"]

1. e4 e5 2. Nf3 d6 3. Bc4 Be7 4. Nc3 c6 5. 0-0 Nf6 6. Re1 0-0 7. d4 exd4 8. Nxd4 b5 9. Bd3 Bb7 10. Nf5 Bc8 11. Nxe7+ Qxe7 12. Bg5 h6 13. Bh4 Nbd7 14. f4 Qe6 15. f5 Qe5 16. Bg3 Qc5+ 17. Bf2 Qb4 18. Rb1 Ne5 19. a3 Qa5 20. Re3 Nfg4 21. Rg3 Nxf2 22. Kxf2 Qb6+ 23. Kf1 a6 24. Qh5 Ra7 25. f6 Ng6 26. e5 dxe5 27. fxg7 Kxg7 28. Bxg6 fxg6+ 29. Ke2 Qf2+ 30. Kd1 Bf5 31. Ne2 0-1

[Event "Wloclawek CC Classic 09th"]
[Site "Wloclawek"]
[Date "2014.??.??"]
[Round "2"]
[White "Sztuka, Cezary"]
[Black "Graczyk, Piotr"]
[Result "0-1"]
[WhiteElo "1400"]
[BlackElo "1000"]
[PlyCount "48"]
[EventDate "2014.03.??"]
[EventType "swiss"]
[EventRounds "7"]
[EventCountry "POL"]
[SourceTitle "EXT 2021"]
[Source "ChessBase"]
[SourceDate "2020.10.23"]
[SourceVersion "1"]
[SourceVersionDate "2020.10.23"]
[SourceQuality "1"]

1. e4 e5 2. Bc4 Nf6 3. Nc3 d6 4. d3 c6 5. Bg5 Be7 6. Qd2 d5 7. Bb3 a5 8. a3 0-0 9. exd5 cxd5 10. Bxf6 Bxf6 11. Nxd5 Nc6 12. 0-0-0 Nd4 13. Ba2 Be6 14. Nxf6+ Qxf6 15. c4 b5 16. f3 bxc4 17. dxc4 Rfd8 18. Qe3 Rdc8 19. Ne2 Bxc4 20. Bxc4 Rxc4+ 21. Kd2 Rc2+ 22. Ke1 Rxe2+ 23. Qxe2 Nxe2 24. Kxe2 Qa6+ 0-1

[Event "Wloclawek-ch"]
[Site "Wloclawek"]
[Date "2014.??.??"]
[Round "4"]
[White "Sztuka, Cezary"]
[Black "Lebiedzinski, Maciej"]
[Result "0-1"]
[WhiteElo "1600"]
[BlackElo "1486"]
[PlyCount "52"]
[EventDate "2014.09.??"]
[EventType "swiss"]
[EventRounds "9"]
[EventCountry "POL"]
[SourceTitle "EXT 2021"]
[Source "ChessBase"]
[SourceDate "2020.10.23"]
[SourceVersion "1"]
[SourceVersionDate "2020.10.23"]
[SourceQuality "1"]

1. e4 c5 2. Nf3 Nc6 3. d4 cxd4 4. Nxd4 e5 5. Ne2 Nf6 6. Ng3 Bc5 7. Be2 0-0 8. Nd2 Nd4 9. Bc4 d6 10. c3 Ne6 11. 0-0 Bd7 12. b4 Bb6 13. Bd5 Qc7 14. Qb3 a5 15. b5 a4 16. Qc4 Nc5 17. Nf5 Bxf5 18. exf5 Qd7 19. Ba3 Rac8 20. Rab1 Nce4 21. Bc6 Nxd2 22. Bxd7 Rxc4 23. Rbd1 Nxf1 24. Rxd6 Bc5 25. Bxc5 Rxc5 26. Kxf1 Rd8 0-1

[Event "Wloclawek-ch"]
[Site "Wloclawek"]
[Date "2014.??.??"]
[Round "9"]
[White "Sztuka, Cezary"]
[Black "Narazinski, Krzysztof"]
[Result "1-0"]
[WhiteElo "1600"]
[BlackElo "1400"]
[PlyCount "69"]
[EventDate "2014.09.??"]
[EventType "swiss"]
[EventRounds "9"]
[EventCountry "POL"]
[SourceTitle "EXT 2021"]
[Source "ChessBase"]
[SourceDate "2020.10.23"]
[SourceVersion "1"]
[SourceVersionDate "2020.10.23"]
[SourceQuality "1"]

1. e4 e6 2. d4 d5 3. e5 c5 4. c3 Qb6 5. Nf3 Nc6 6. Be2 cxd4 7. cxd4 Bb4+ 8. Nc3 Nge7 9. 0-0 Bxc3 10. bxc3 0-0 11. Bg5 Bd7 12. Rb1 Qc7 13. g4 f6 14. exf6 gxf6 15. Bh6 Rf7 16. Qd2 Kh8 17. Kh1 Ng8 18. Bf4 e5 19. Bg3 Bxg4 20. Nh4 Bxe2 21. Qxe2 Re8 22. Qh5 Rg7 23. Qxe8 Rxg3 24. fxg3 exd4 25. cxd4 Nxd4 26. Rbc1 Qa5 27. Rxf6 Qxa2 28. Rh6 Kg7 29. Rg6+ hxg6 30. Qxg6+ Kf8 31. Rc8+ Ke7 32. Rc7+ Kd8 33. Qd6+ Ke8 34. Qd7+ Kf8 35. Rc8# 1-0